Keski-Pohjanmaan kunnat - Statistics

Yleistilastot
  • Tätä visaa on pelattu 359 kertaa
  • Keskiarvotulos 5 / 8
Vastaustilastot
Väkiluku Kunta/Kaupunki % Oikein
47 792 Kokkola
94%
4 262 Kaustinen
75%
3 113 Veteli
70%
5 433 Kannus
67%
2 730 Perho
63%
717 Lestijärvi
57%
3 035 Toholampi
56%
1 115 Halsua
55%
Ehtoja vastaavia visoja ei löytynyt
Tulosjakauma
Jokaisen tuloksen saaneiden osuus
Persentiili vastausten määrän mukaan
Tuloshistoriasi
Et ole pelannut tätä visaa